000 00314nam a22001457a 4500
020 _a978-81-226-1389-6
082 _a894.812.3
_bSAR/A
100 _aJOSEPH SARAH
245 _aALAHAYUDE PENMAKKAL
260 _aTHRISSUR
_bCURRENT BOOKS
_c2023
300 _a176
520 _aNOVEL
650 _aNOVEL
942 _cBK
999 _c7183
_d7183